<?xml version="1.0" encoding="UTF-8"?>
<marc:record xmlns:marc="http://www.loc.gov/MARC21/slim">
   <marc:leader>00000nam a2200000 a 4500</marc:leader>
   <marc:datafield ind1="1" ind2=" " tag="100">
      <marc:subfield code="a">Raabe, Marc</marc:subfield>
      <marc:subfield code="4">aut</marc:subfield>
      <marc:subfield code="e">Verfasser/-in</marc:subfield>
   </marc:datafield>
   <marc:datafield ind1="0" ind2="0" tag="245">
      <marc:subfield code="a">Violas Versteck (Tom Babylon-Serie 4)</marc:subfield>
   </marc:datafield>
   <marc:datafield ind1="0" ind2="0" tag="245">
      <marc:subfield code="b">Thriller</marc:subfield>
   </marc:datafield>
   <marc:datafield ind1=" " ind2="1" tag="264">
      <marc:subfield code="a">Berlin</marc:subfield>
      <marc:subfield code="b">Ullstein Paperback</marc:subfield>
      <marc:subfield code="c">2022</marc:subfield>
   </marc:datafield>
   <marc:datafield ind1="1" ind2=" " tag="490">
      <marc:subfield code="a">Tom Babylon-Serie</marc:subfield>
      <marc:subfield code="v">4</marc:subfield>
   </marc:datafield>
   <marc:datafield ind1=" " ind2=" " tag="250">
      <marc:subfield code="a">1. Auflage</marc:subfield>
   </marc:datafield>
   <marc:datafield ind1="1" ind2=" " tag="520">
      <marc:subfield code="a">Angaben aus der Verlagsmeldung##Violas Versteck : Thriller | Der neue Thriller vom Bestsellerautor der Tom-Babylon-Serie! / von Marc Raabe##Es ist besser, du findest mich nie##LKA-Ermittler Tom Babylon ist auf der Suche nach seiner kleinen Schwester Vi, die 1998 spurlos verschwand. Jetzt gibt es endlich einen Hinweis: Ein aktuelles Foto von Viola, versteckt im Keller seines Vaters. ##Bei einem mysteriösen Überfall in der Berliner U-Bahn wenig später kommt sein Vater ums Leben. Babylon ist sich sicher, auch der Täter ist auf der Suche nach Viola. Und er glaubt zu wissen, wer dahintersteckt: sein früherer Mentor Dr. Walter Bruckmann, der geschworen hat, ihm das Leben zur Hölle zu machen.  ##Doch wie kann ein Mann, der seit seiner Verurteilung in einer Psychiatrischen Anstalt in den Alpen einsitzt, in Berlin einen Mord verüben?##"Grandioses Kopfkino" KRIMIcouch.de</marc:subfield>
   </marc:datafield>
   <marc:datafield ind1=" " ind2=" " tag="020">
      <marc:subfield code="a">9783864931529</marc:subfield>
      <marc:subfield code="9">9783864931529</marc:subfield>
   </marc:datafield>
   <marc:datafield ind1=" " ind2=" " tag="041">
      <marc:subfield code="a">ger</marc:subfield>
   </marc:datafield>
   <marc:datafield ind1=" " ind2=" " tag="300">
      <marc:subfield code="a">624 Seiten</marc:subfield>
   </marc:datafield>
</marc:record>
